ज्ञान एवं पाठ्यचर्या (Record no. 17149)
[ view plain ]
| 000 -LEADER | |
|---|---|
| fixed length control field | 00332nam a22001337a 4500 |
| 003 - CONTROL NUMBER IDENTIFIER | |
| control field | SGT |
| 020 ## - INTERNATIONAL STANDARD BOOK NUMBER | |
| International Standard Book Number | 978-93-81124-78-9 |
| 082 ## - DEWEY DECIMAL CLASSIFICATION NUMBER | |
| Classification number | 370 |
| Item number | MASD |
| 100 ## - MAIN ENTRY--PERSONAL NAME | |
| Personal name | मदान, पूनम |
| 245 ## - TITLE STATEMENT | |
| Title | ज्ञान एवं पाठ्यचर्या |
| 260 ## - PUBLICATION, DISTRIBUTION, ETC. (IMPRINT) | |
| Place of publication, distribution, etc | U.P. |
| Name of publisher, distributor, etc | AGARWAL PUB |
| Year of Publication | 2018 |
| 300 ## - PAGE DESCRIPTION | |
| No. of Pages | 208 |
| 942 ## - ADDED ENTRY ELEMENTS (KOHA) | |
| Source of classification or shelving scheme | Dewey Decimal Classification |
| Koha item type | Books |
| Withdrawn status | Lost status | Source of classification or shelving scheme | Damaged status | Not for loan | Collection code | Home library | Current library | Shelving location | Date acquired | Vendor Name | Cost, normal purchase price | SGTU | Bill Number | Full call number | Accession No. (Barcode) | Date last seen | Bill Date | Koha item type | Total Checkouts | Date last borrowed |
|---|---|---|---|---|---|---|---|---|---|---|---|---|---|---|---|---|---|---|---|---|
| Dewey Decimal Classification | EDUCATION | SGT Engineering Library | SGT Engineering Library | Text Book | 20/03/2019 | INDIAN PUB. | 150.00 | SGTU | 118 | 370 MASD | ED3386 | 20/03/2019 | 28/02/2019 | Books | ||||||
| Dewey Decimal Classification | EDUCATION | SGT Engineering Library | SGT Engineering Library | Text Book | 20/03/2019 | INDIAN PUB. | 150.00 | SGTU | 118 | 370 MASD | ED3387 | 05/03/2020 | 28/02/2019 | Books | 4 | 03/03/2020 | ||||
| Dewey Decimal Classification | EDUCATION | SGT Engineering Library | SGT Engineering Library | Text Book | 20/03/2019 | INDIAN PUB. | 150.00 | SGTU | 118 | 370 MASD | ED3388 | 31/07/2021 | 28/02/2019 | Books | 4 | 26/07/2021 | ||||
| Dewey Decimal Classification | EDUCATION | SGT Engineering Library | SGT Engineering Library | Text Book | 20/03/2019 | INDIAN PUB. | 150.00 | SGTU | 118 | 370 MASD | ED3389 | 23/01/2020 | 28/02/2019 | Books | 1 | 07/01/2020 | ||||
| Dewey Decimal Classification | EDUCATION | SGT Engineering Library | SGT Engineering Library | Text Book | 20/03/2019 | INDIAN PUB. | 150.00 | SGTU | 118 | 370 MASD | ED3390 | 23/01/2020 | 28/02/2019 | Books | 1 | 07/01/2020 |